[Event "CZE-tht Extraliga 2018-19"]
[Site "Czech Republic"]
[Date "2019.01.12"]
[Round "5"]
[White "Kanovsky, David"]
[Black "Rausis, Igors"]
[Result "0-1"]
[WhiteElo "2425"]
[BlackElo "2655"]
[Annotator "TA"]
[PlyCount "108"]
[EventDate "2018.11.03"]
[EventType "team-tourn"]
[EventCountry "CZE"]
[SourceTitle "playchess.com"]
[Source "ChessBase"]
[SourceQuality "1"]
[WhiteTeam "Poruba"]
[BlackTeam "Beskydska"]

{[%evp 23,108,-23,-23,-36,-18,-17,-16,-55,-50,-68,-78,-63,-37,-95,-70,-66,-60,-54,-51,-38,-30,-49,-35,-49,-45,-83,-83,-83,-78,-105,-105,-103,-90,-129,-129,-122,-131,-125,-132,-200,-191,-173,-141,-139,-123,-142,-142,-141,-142,-142,-141,-173,-172,-170,-170,-239,-227,-231,-235,-263,-258,-250,-206,-240,-223,-237,-235,-243,-229,-290,-266,-250,-238,-351,-351,-320,-303,-1138,-1125,-1079,-1055,-854,-796,-1049,-1057,-879,-421]} 1. c4 e6 2. Nf3 d5 3. e3 Nf6 4. Nc3 c5 5. d4 Nc6 6. a3 a6 7. Be2 dxc4 8. Bxc4 b5 9. Ba2 Bb7 10. O-O Be7 {D40: Queen's Gambit Declined: Semi-Tarrasch with 5 e3} 11. Qe2 (11. d5 exd5 12. Nxd5 Nxd5 13. Bxd5 O-O 14. e4 Na5 15. Bd2 Bxd5 16. exd5 Nc4 17. Bc3 Bf6 18. Bxf6 Qxf6 {½-½ (32) Salem,A (2624)-Grigoriants,S (2603) Berlin 2015}) 11... O-O 12. Rd1 Qc7 {LiveBook: 7 Games. Black has an edge.} 13. Bd2 c4 $146 ({Predecessor:} 13... Rad8 14. Be1 h6 15. Rac1 Qb6 16. dxc5 Bxc5 17. Qc2 Be7 18. Bb1 Rxd1 19. Rxd1 {1-0 (45) Agababean,N (2319)-Cavusoglu,Y (2045) Istanbul 2003}) 14. e4 e5 15. dxe5 Nxe5 16. Bf4 Nxf3+ 17. Qxf3 Qb6 18. Qe2 ({White should try} 18. Be3 $15 Bc5 19. Bxc5 Qxc5 20. b3) 18... Bc5 (18... Rae8 {is more complex.} 19. Kh1 Bc5 20. f3 Nh5 21. Bc1 Qf6) 19. Bxc4 bxc4 20. Na4 {[#]} Bxf2+ $1 {[%mdl 512]} 21. Qxf2 Qxf2+ 22. Kxf2 Nxe4+ 23. Kg1 Rad8 $36 {[%mdl 2048] Black fights for an advantage.} 24. Nb6 c3 25. bxc3 Nxc3 26. Rxd8 Rxd8 27. Re1 f6 28. Nc4 Rd4 29. Nd6 {[%cal Re1e8]} Bc6 30. g3 Rd3 31. Nf5 (31. Re3 $17 {is a better defense.} Rd1+ 32. Kf2) 31... Bd7 $19 32. Ne3 g5 33. Bc7 Nb5 34. Bd8 Kf7 ({Much less strong is} 34... Rxa3 35. Bxf6 h6 36. Nc4 $15) 35. Rd1 Rxd1+ ({Resist} 35... Rxa3 36. Rxd7+ Ke8 37. Rd5 $15) 36. Nxd1 Nxa3 $17 {[%mdl 4096] Endgame KBN-KBN} 37. Nc3 Bc6 38. Kf2 Nc4 39. Ke2 (39. Nd1 $142) 39... a5 $19 {[%cal Ba6a5,Ba5a4][%mdl 32]} 40. Kd3 Ne5+ 41. Kd4 a4 42. Kc5 Ke6 43. Bc7 Be8 44. Kb4 h5 45. h3 Bc6 46. Kc5 {intending Bxe5.} Bd7 47. Kb4 Nd3+ 48. Ka3 (48. Kc4 $142 Ne5+ 49. Kb4) 48... f5 {[%cal Bf6f5,Bf5f4,Bf4f3,Bf3f2][%mdl 32]} 49. Bd8 f4 50. g4 $2 (50. gxf4 gxf4 51. Bb6) 50... f3 {( -> ...f2). Black is clearly winning.} 51. Ne4 f2 52. Ng3 Nc5 53. gxh5 {[#]} Ne4 $1 {[%mdl 512]} 54. Nf1 (54. Nxe4 f1=Q) 54... Ke5 {Precision: White = 38%, Black = 78%.} (54... Kf7 $142 55. Bb6 Bxh3 56. Bxf2 Nxf2) 0-1

[Event "CZE-tht Extraliga 2018-19"]
[Site "Czech Republic"]
[Date "2019.01.12"]
[Round "5"]
[White "Kislinsky, Alexey"]
[Black "Kraus, Tomas"]
[Result "1-0"]
[WhiteElo "2425"]
[BlackElo "2447"]
[Annotator "NA"]
[PlyCount "43"]
[EventDate "2018.11.03"]
[EventType "team-tourn"]
[EventCountry "CZE"]
[SourceTitle "playchess.com"]
[Source "ChessBase"]
[SourceQuality "1"]
[WhiteTeam "Lysa nad Labem"]
[BlackTeam "Turnov"]
[TimeControl "40/5400+30:1800+30"]

1. e4 {[%emt 0:00:28]} e5 {[%emt 0:00:00]} 2. f4 {[%emt 0:00:46]} exf4 {[%emt 0:00:00]} 3. Nf3 {[%emt 0:00:04]} h6 {[%emt 0:00:04]} 4. d4 {[%emt 0:01:09]} g5 {[%emt 0:01:32]} 5. Nc3 {[%emt 0:00:52]} d6 {[%emt 0:02:53]} 6. g3 {[%emt 0:01:32]} Bg7 {[%emt 0:01:27]} 7. gxf4 {[%emt 0:02:52]} g4 {[%emt 0:00:22]} 8. Rg1 {[%emt 0:01:14]} Kf8 {[%emt 0:10:38]} 9. Be3 {[%emt 0:02:20]} gxf3 {[%emt 0:00:26]} 10. Qxf3 {[%emt 0:00:24]} f5 {[%emt 0:03:38]} 11. Qg3 {[%emt 0:17:55]} Qd7 {[%emt 0:26:02]} 12. Bc4 {[%emt 0:04:27]} Nf6 {[%emt 0:39:00]} 13. Be6 {[%emt 0:01:09]} Qe7 {[%emt 0:00:14]} 14. Bxc8 {[%emt 0:00:16]} Nbd7 {[%emt 0:00:13]} 15. Bxd7 {[%emt 0:01:01]} Qxd7 {[%emt 0:00:13]} 16. e5 {[%emt 0:00:16]} Ng4 {[%emt 0:02:07]} 17. O-O-O {[%emt 0:03:41]} Rg8 {[%emt 0:01:34]} 18. Bd2 {[%emt 0:02:51]} h5 {[%emt 0:03:44]} 19. h3 {[%emt 0:00:09]} Nh6 {[%emt 0:00:04]} 20. Qf3 {[%emt 0:00:19]} c6 {[%emt 0:01:00]} 21. Rg6 {[%emt 0:00:47]} d5 {[%emt 0:00:27]} 22. Qxh5 {[%emt 0:00:15]} 1-0

[Event "CZE-tht Extraliga 2018-19"]
[Site "Czech Republic"]
[Date "2019.01.12"]
[Round "5"]
[White "Pulpan, Jakub"]
[Black "Pokorny, Petr"]
[Result "1-0"]
[WhiteElo "2419"]
[BlackElo "2211"]
[Annotator "TA"]
[PlyCount "83"]
[EventDate "2018.11.03"]
[EventType "team-tourn"]
[EventCountry "CZE"]
[SourceTitle "playchess.com"]
[Source "ChessBase"]
[SourceQuality "1"]
[WhiteTeam "Pardubice"]
[BlackTeam "Siesta B"]

{[%evp 9,83,-41,-47,-104,-71,-99,-48,-133,-127,-126,-125,-130,-126,-138,-102,-133,-110,-151,-147,-166,-84,-135,-75,-69,-79,-70,-34,-54,-42,-71,-29,-29,-29,-96,-27,-58,0,0,0,-19,16,15,52,0,325,308,300,266,446,459,577,570,582,172,202,230,225,225,307,300,318,304,315,281,183,183,283,203,441,437,29982,29983,29983,29984,29981,29979]} 1. Nf3 d5 2. b3 c5 3. Bb2 Nc6 4. e3 Nf6 5. Bxf6 (5. Bb5 Bd7 6. c4 a6 7. Bxc6 Bxc6 8. Ne5 Rc8 9. O-O e6 10. d3 Be7 11. Nd2 O-O 12. f4 Nd7 13. Nxc6 Rxc6 {1-0 (33) Karjakin,S (2773)-Duda,J (2737) chess.com INT 2018}) 5... gxf6 {[%cal Bg7f6,Bf6f5][%mdl 32]} 6. d3 {A06: Réti Opening:1 Nf3 d5} (6. Bb5 $15) 6... Bg4 7. Nbd2 Bg7 $146 (7... f5 $17 8. c3 Qa5) ({Predecessor:} 7... f5 8. h3 Bh5 9. Be2 Bg7 10. Rb1 Nb4 11. Ne5 Bxe2 12. Qxe2 Bxe5 {0-1 (28) Bonnell,B-Steinmeyer,R USA 1956}) 8. Be2 {[#]} (8. c3 $15) 8... f5 $1 $17 9. c3 Bxc3 10. Rc1 Qa5 11. O-O O-O 12. h3 Bh5 13. d4 cxd4 14. exd4 e6 ({Better is} 14... Rac8 $19 15. Nb1 Bb4) 15. Nb1 (15. a3 $142) 15... Bxf3 (15... Bb4 $142 16. Ne5 Nxe5 17. dxe5 Bxe2 18. Qxe2 Be7) 16. Nxc3 Bxe2 17. Nxe2 Kh8 18. Qd3 Rg8 19. Nf4 Rac8 20. Qe3 Qd8 21. b4 (21. Rfd1 $11 {remains equal.}) 21... a6 (21... Qf6 $17 22. Rfd1 a6) 22. a4 {[%cal Ba2a4,Ba4b5][%mdl 32] White wants to play b5.} Qg5 (22... Qf6 $15 23. Rfd1 Nxb4) 23. b5 $11 axb5 24. axb5 Ne7 25. Rxc8 Rxc8 26. Rc1 (26. Ra1 $1 $14) 26... h6 $2 {[%mdl 8192]} (26... Rxc1+ $11 27. Qxc1 Kg8) 27. Rxc8+ Nxc8 {[#]} 28. Qe5+ $1 Kh7 $2 (28... Kg8 {was worth a try.} 29. Qc7 Ne7) 29. Qc7 $1 $18 {[%csl LRb7,LRc8,LRe6,LRf7]} Ne7 {If only Black now had time for ...e5....} 30. g3 b6 31. Qxb6 $2 (31. h4 Qf6 32. Qxb6) 31... Ng6 32. Qc7 Nxf4 33. Qxf4 {[%mdl 4096] Endgame KQ-KQ} ({Inferior is} 33. Qxf7+ Kh8 $11) 33... Qd8 34. Qc1 Qa5 35. Qb1 Qb6 36. Qb4 Kg7 37. Kg2 {Threatens to win with Qc5.} Kf6 38. Kf3 e5 $2 (38... Kg6 {keeps fighting.} 39. Kg2 Kf6) 39. dxe5+ Kxe5 (39... Kg7 $18 40. g4 fxg4+ 41. Qxg4+ Kf8) 40. Qf4+ {White mates.} Ke6 41. Qxh6+ f6 42. Qe3+ {Accuracy: White = 51%, Black = 34%.} 1-0

[Event "CZE-tht Extraliga 2018-19"]
[Site "Czech Republic"]
[Date "2019.01.12"]
[Round "5"]
[White "Blahynka, Martin"]
[Black "Cernousek, Lukas"]
[Result "1/2-1/2"]
[WhiteElo "2418"]
[BlackElo "2434"]
[Annotator "NA"]
[PlyCount "22"]
[EventDate "2018.11.03"]
[EventType "team-tourn"]
[EventCountry "CZE"]
[SourceTitle "playchess.com"]
[Source "ChessBase"]
[SourceQuality "1"]
[WhiteTeam "Duras"]
[BlackTeam "Siesta"]
[TimeControl "40/5400+30:1800+30"]

1. e4 {[%emt 0:00:00]} c6 {[%emt 0:00:00]} 2. d4 {[%emt 0:00:00]} d5 {[%emt 0:00:00]} 3. e5 {[%emt 0:00:00]} c5 {[%emt 0:00:02]} 4. dxc5 {[%emt 0:00:06]} e6 {[%emt 0:00:04]} 5. Be3 {[%emt 0:00:39]} Nd7 {[%emt 0:00:12]} 6. Nf3 {[%emt 0:11:59]} Bxc5 {[%emt 0:00:09]} 7. Bxc5 {[%emt 0:00:23]} Nxc5 {[%emt 0:00:02]} 8. Nc3 {[%emt 0:02:50]} Ne7 {[%emt 0:10:00]} 9. Bd3 {[%emt 0:00:52]} Qb6 {[%emt 0:13:15]} 10. O-O {[%emt 0:07:28]} Bd7 {[%emt 0:01:53]} 11. Rb1 {[%emt 0:20:56]} Rc8 {[%emt 0:03:52]} 1/2-1/2

[Event "CZE-tht Extraliga 2018-19"]
[Site "Czech Republic"]
[Date "2019.01.12"]
[Round "5"]
[White "Biolek, Richard"]
[Black "Kawulok, Marek"]
[Result "1-0"]
[WhiteElo "2405"]
[BlackElo "2204"]
[Annotator "NA"]
[PlyCount "75"]
[EventDate "2018.11.03"]
[EventType "team-tourn"]
[EventCountry "CZE"]
[SourceTitle "playchess.com"]
[Source "ChessBase"]
[SourceQuality "1"]
[WhiteTeam "Ostrava"]
[BlackTeam "Cesky Tesin"]
[TimeControl "40/5400+30:1800+30"]

1. Nf3 {[%emt 0:00:00]} Nf6 {[%emt 0:00:00]} 2. g3 {[%emt 0:00:06]} g6 {[%emt 0:00:00]} 3. Bg2 {[%emt 0:00:05]} Bg7 {[%emt 0:00:00]} 4. O-O {[%emt 0:00:06]} O-O {[%emt 0:00:00]} 5. c4 {[%emt 0:00:04]} d6 {[%emt 0:00:39]} 6. Nc3 {[%emt 0:00:14]} c5 {[%emt 0:01:52]} 7. a3 {[%emt 0:04:32]} Nc6 {[%emt 0:01:49]} 8. Rb1 {[%emt 0:00:16]} a5 {[%emt 0:05:22]} 9. d3 {[%emt 0:01:16]} Rb8 {[%emt 0:03:07]} 10. Bd2 {[%emt 0:02:28]} Ne8 {[%emt 0:04:06]} 11. Ne1 {[%emt 0:07:41]} Bd7 {[%emt 0:05:31]} 12. Nc2 {[%emt 0:00:11]} Nc7 {[%emt 0:00:04]} 13. b4 {[%emt 0:02:52]} axb4 {[%emt 0:13:20]} 14. axb4 {[%emt 0:00:17]} cxb4 {[%emt 0:00:08]} 15. Nxb4 {[%emt 0:01:32]} Nxb4 {[%emt 0:00:06]} 16. Rxb4 {[%emt 0:00:04]} b5 {[%emt 0:00:13]} 17. cxb5 {[%emt 0:02:19]} Nxb5 {[%emt 0:00:07]} 18. Nxb5 {[%emt 0:06:40]} Rxb5 {[%emt 0:00:14]} 19. Rxb5 {[%emt 0:05:19]} Bxb5 {[%emt 0:00:07]} 20. Qb3 {[%emt 0:00:13]} Qd7 {[%emt 0:01:26]} 21. Rc1 {[%emt 0:01:09]} Ba4 {[%emt 0:24:55]} 22. Qb4 {[%emt 0:02:08]} Qb5 {[%emt 0:02:32]} 23. Qxb5 {[%emt 0:09:54]} Bxb5 {[%emt 0:00:05]} 24. Rb1 {[%emt 0:00:05]} Ba4 {[%emt 0:00:12]} 25. Rb4 {[%emt 0:12:29]} Bc2 {[%emt 0:00:36]} 26. Bg5 {[%emt 0:02:15]} f6 {[%emt 0:12:58]} 27. Bd5+ {[%emt 0:00:43]} Kh8 {[%emt 0:00:05]} 28. Be3 {[%emt 0:02:00]} e5 {[%emt 0:00:05]} 29. Kf1 {[%emt 0:10:43]} f5 {[%emt 0:07:29]} 30. Ke1 {[%emt 0:02:30]} Rc8 {[%emt 0:03:10]} 31. Be6 {[%emt 0:13:34]} Re8 {[%emt 0:01:15]} 32. Bd7 {[%emt 0:02:02]} Rd8 {[%emt 0:00:08]} 33. Kd2 {[%emt 0:00:06]} Bf6 {[%emt 0:04:30]} 34. Be6 {[%emt 0:03:45]} Re8 {[%emt 0:00:54]} 35. Bh6 {[%emt 0:03:32]} Bg7 {[%emt 0:00:42]} 36. Bxg7+ {[%emt 0:00:18]} Kxg7 {[%emt 0:00:07]} 37. Rb7+ {[%emt 0:00:06]} Kf6 {[%emt 0:00:39]} 38. Bd7 {[%emt 0:00:38]} 1-0

[Event "CZE-tht Extraliga 2018-19"]
[Site "Czech Republic"]
[Date "2019.01.12"]
[Round "5"]
[White "Vlasak, Lukas"]
[Black "Rogozenco, Dorian"]
[Result "1/2-1/2"]
[WhiteElo "2401"]
[BlackElo "2500"]
[Annotator "ChessBase"]
[PlyCount "42"]
[EventDate "2018.11.03"]
[EventType "team-tourn"]
[EventCountry "CZE"]
[SourceTitle "playchess.com"]
[Source "ChessBase"]
[SourceQuality "1"]
[WhiteTeam "Turnov"]
[BlackTeam "Lysa nad Labem"]
[TimeControl "40/5400+30:1800+30"]

1. d4 d5 2. Bf4 c5 3. e3 Nc6 4. c3 Nf6 5. Nd2 Bf5 6. Ngf3 e6 7. Nh4 Be4 8. Qb3 Qd7 9. Nhf3 c4 10. Qd1 Bg6 11. Ne5 Nxe5 12. Bxe5 Be7 13. Be2 O-O 14. Bxf6 Bxf6 15. Bh5 Bd3 16. Be2 Bxe2 17. Qxe2 b5 18. O-O a5 19. a3 b4 20. axb4 axb4 21. Rfb1 Be7 1/2-1/2

[Event "CZE-tht Extraliga 2018-19"]
[Site "Czech Republic"]
[Date "2019.01.12"]
[Round "5"]
[White "Mrazek, Lumir"]
[Black "Velicka, Petr"]
[Result "0-1"]
[WhiteElo "2379"]
[BlackElo "2434"]
[Annotator "TA"]
[PlyCount "108"]
[EventDate "2018.11.03"]
[EventType "team-tourn"]
[EventCountry "CZE"]
[SourceTitle "playchess.com"]
[Source "ChessBase"]
[SourceQuality "1"]
[WhiteTeam "Cesky Tesin"]
[BlackTeam "Ostrava"]

{[%evp 16,108,51,46,75,53,78,7,0,0,9,-7,73,-24,-20,-10,-7,-125,-137,-138,-129,-210,-203,-303,-301,-307,-307,-297,-297,-620,-612,-583,-596,-493,-163,-177,-166,-441,-437,-545,-564,-589,-537,-518,-410,-384,-378,-378,-399,-384,-239,-301,0,-382,-348,-353,-320,-321,-321,-355,-353,-349,-350,-445,-438,-423,-423,-387,-407,-398,-400,-414,-414,-409,-408,-398,-400,-366,-374,-414,-446,-550,-540,-552,-544,-502,-446,-570,-556,-539,-523,-757,-670,-653,-633]} 1. e4 c6 2. d4 d5 3. f3 e6 4. Nc3 Bb4 5. Bf4 b6 (5... Ne7 6. Nge2 b6 7. a3 Bd6 8. Qd2 Ba6 9. O-O-O O-O 10. h4 Bxf4 11. Qxf4 Nd7 12. h5 h6 13. g4 {0-1 (50) Li,C (2714)-Vaibhav,S (2561) Dresden 2018}) 6. Nge2 {B12: Caro-Kann: Advance Variation} Ba6 7. Qd2 Nf6 8. Qe3 Nbd7 9. O-O-O {LiveBook: 4 Games} Qc8 10. a3 $146 (10. Kb1 {keeps more tension.} O-O 11. g4 b5 12. a3 Be7 13. e5) ({Predecessor:} 10. h3 Bc4 11. Kb1 O-O 12. g4 c5 13. e5 Ne8 14. a3 Ba5 {0-1 (28) Singh,G (2303)-Lenic,L (2595) New Delhi 2010}) 10... Be7 11. Ng3 (11. e5 $16 Ng8 12. Ng3) 11... Bxf1 $11 12. Rhxf1 Qb7 13. Rfe1 g6 (13... O-O $11) 14. Bg5 (14. Bh6 $16) 14... b5 {[%cal Bb6b5,Bb5b4][%mdl 32]} 15. f4 $1 {[%cal Rf4f5]} Nb6 {[%cal Bd7b6,Bb6c4,Bc4b2][%mdl 32]} 16. Bxf6 (16. Qf3 $11 {keeps the balance.}) 16... Bxf6 $17 17. exd5 cxd5 18. f5 (18. b3 $17) 18... Nc4 $19 19. Qf4 (19. Qd3 {is a better defense.}) 19... b4 20. fxe6 bxc3 {[%csl Gc3,Gc4][%cal Rb7b2]} 21. b3 {[#]} Qa6 $1 {[%cal Ra6a3]} 22. Rd3 $2 (22. a4 Qd6 23. Qxd6 Nxd6 24. Rd3) 22... Qxa3+ 23. Kd1 Nb2+ {[%mdl 64] Double Attack} 24. Ke2 Qe7 $2 (24... O-O 25. Qxf6 Rae8) 25. Rf3 {[#]} Bg7 $1 ({Inferior is} 25... fxe6 26. Qxf6 Qxf6 27. Rxf6 $11) 26. Kf1 $2 (26. Qxf7+ Qxf7 27. exf7+ Kf8 28. Kf1) 26... O-O 27. Qe3 {Strongly threatening exf7+.} fxe6 28. Qxc3 Rxf3+ 29. gxf3 Qf6 30. Qxb2 Qxf3+ 31. Kg1 Bh6 {Hoping for ...Be3+.} ({Less strong is} 31... Rf8 32. c3 $19) 32. Nf1 Qg4+ 33. Kh1 Qf3+ 34. Kg1 Rc8 35. c4 dxc4 36. bxc4 Rxc4 37. Qb8+ Bf8 38. Qe5 Qg4+ 39. Kh1 {White hopes to continue with Ne3.} Rxd4 40. Qxe6+ Qxe6 41. Rxe6 {[%mdl 4096] Endgame KRB-KRN} a5 {[%cal Ba7a5,Ba5a4,Ba4a3][%mdl 32]} 42. Ra6 a4 43. Kg2 a3 44. Kf3 Rd3+ 45. Ke4 Rh3 46. Ra8 Kf7 47. Ra7+ Ke6 48. Ra6+ {Black is clearly winning.} Kd7 49. Kd5 Rh5+ 50. Kc4 Bd6 51. Ng3 Rxh2 52. Ne4 Be7 53. Ra7+ Ke6 54. Ra6+ Kf5 {Accuracy: White = 34%, Black = 68%.} 0-1

[Event "CZE-tht Extraliga 2018-19"]
[Site "Czech Republic"]
[Date "2019.01.12"]
[Round "5"]
[White "Hollan, Martin"]
[Black "Talla, Vladimir"]
[Result "0-1"]
[WhiteElo "2368"]
[BlackElo "2399"]
[Annotator "NA"]
[PlyCount "146"]
[EventDate "2018.11.03"]
[EventType "team-tourn"]
[EventCountry "CZE"]
[SourceTitle "playchess.com"]
[Source "ChessBase"]
[SourceQuality "1"]
[WhiteTeam "Cesky Tesin"]
[BlackTeam "Ostrava"]
[TimeControl "40/5400+30:1800+30"]

1. d4 {[%emt 0:00:05]} d5 {[%emt 0:00:00]} 2. c4 {[%emt 0:00:09]} e6 {[%emt 0:00:00]} 3. Nc3 {[%emt 0:00:08]} Be7 {[%emt 0:00:07]} 4. Nf3 {[%emt 0:00:17]} Nf6 {[%emt 0:00:57]} 5. Bg5 {[%emt 0:00:27]} h6 {[%emt 0:00:04]} 6. Bxf6 {[%emt 0:02:08]} Bxf6 {[%emt 0:00:11]} 7. cxd5 {[%emt 0:01:31]} exd5 {[%emt 0:00:06]} 8. e3 {[%emt 0:00:08]} O-O {[%emt 0:02:59]} 9. Bd3 {[%emt 0:01:28]} c6 {[%emt 0:15:34]} 10. O-O {[%emt 0:00:09]} Be6 {[%emt 0:00:36]} 11. b4 {[%emt 0:12:20]} a6 {[%emt 0:09:28]} 12. a4 {[%emt 0:03:07]} Nd7 {[%emt 0:00:04]} 13. a5 {[%emt 0:01:41]} Qc7 {[%emt 0:10:09]} 14. Na4 {[%emt 0:02:45]} Rae8 {[%emt 0:01:50]} 15. Nc5 {[%emt 0:11:09]} Nxc5 {[%emt 0:12:16]} 16. bxc5 {[%emt 0:00:11]} Bc8 {[%emt 0:00:11]} 17. Qc2 {[%emt 0:28:55]} g6 {[%emt 0:02:20]} 18. Nd2 {[%emt 0:02:54]} Bg7 {[%emt 0:03:12]} 19. Qc3 {[%emt 0:09:25]} Qd8 {[%emt 0:12:16]} 20. Rae1 {[%emt 0:03:24]} g5 {[%emt 0:08:42]} 21. f4 {[%emt 0:02:29]} g4 {[%emt 0:00:45]} 22. f5 {[%emt 0:01:24]} Qf6 {[%emt 0:03:34]} 23. Rf4 {[%emt 0:10:44]} h5 {[%emt 0:01:44]} 24. Nf1 {[%emt 0:00:16]} Qg5 {[%emt 0:01:53]} 25. Qd2 {[%emt 0:04:08]} Bf6 {[%emt 0:02:59]} 26. Qf2 {[%emt 0:00:28]} Re7 {[%emt 0:00:22]} 27. g3 {[%emt 0:01:01]} Rfe8 {[%emt 0:02:29]} 28. Nd2 {[%emt 0:00:23]} Qg7 {[%emt 0:00:35]} 29. Kg2 {[%emt 0:00:30]} Qh8 {[%emt 0:00:39]} 30. Nb3 {[%emt 0:00:37]} Bg5 {[%emt 0:03:36]} 31. f6 {[%emt 0:00:34]} Bxf4 {[%emt 0:00:16]} 32. fxe7 {[%emt 0:00:29]} Bg5 {[%emt 0:00:23]} 33. Bf5 {[%emt 0:00:24]} Bxf5 {[%emt 0:01:56]} 34. Qxf5 {[%emt 0:00:02]} Qf6 {[%emt 0:00:04]} 35. Qxf6 {[%emt 0:01:01]} Bxf6 {[%emt 0:00:02]} 36. Nc1 {[%emt 0:00:31]} Rxe7 {[%emt 0:01:55]} 37. Nd3 {[%emt 0:00:22]} Bg5 {[%emt 0:00:16]} 38. Kf2 {[%emt 0:00:05]} Kg7 {[%emt 0:01:00]} 39. Re2 {[%emt 0:01:06]} Re6 {[%emt 0:01:50]} 40. Re1 {[%emt 0:00:27]} Re8 {[%emt 0:01:47]} 41. Ne5 {[%emt 0:06:17]} Bd8 {[%emt 0:02:01]} 42. Rb1 {[%emt 0:03:45]} Re7 {[%emt 0:00:07]} 43. Ra1 {[%emt 0:00:03]} Bc7 {[%emt 0:01:58]} 44. Nd3 {[%emt 0:00:41]} h4 {[%emt 0:00:45]} 45. Ne1 {[%emt 0:14:16]} Kf6 {[%emt 0:07:20]} 46. Ng2 {[%emt 0:01:02]} hxg3+ {[%emt 0:01:29]} 47. hxg3 {[%emt 0:00:05]} Kf5 {[%emt 0:00:17]} 48. Nf4 {[%emt 0:02:22]} Re8 {[%emt 0:04:08]} 49. Ra3 {[%emt 0:03:58]} Bxf4 {[%emt 0:06:15]} 50. exf4 {[%emt 0:00:14]} Rh8 {[%emt 0:00:02]} 51. Rb3 {[%emt 0:01:36]} Ke4 {[%emt 0:05:47]} 52. Rxb7 {[%emt 0:00:21]} f5 {[%emt 0:00:51]} 53. Rb6 {[%emt 0:00:13]} Rh2+ {[%emt 0:02:21]} 54. Ke1 {[%emt 0:01:12]} Rh6 {[%emt 0:00:56]} 55. Rxa6 {[%emt 0:01:26]} Kxd4 {[%emt 0:00:03]} 56. Ra8 {[%emt 0:00:31]} Kxc5 {[%emt 0:00:55]} 57. Rf8 {[%emt 0:00:04]} Rh5 {[%emt 0:02:45]} 58. a6 {[%emt 0:00:36]} Kb6 {[%emt 0:00:02]} 59. Rf6 {[%emt 0:00:04]} Kxa6 {[%emt 0:00:18]} 60. Rxc6+ {[%emt 0:00:05]} Kb5 {[%emt 0:00:02]} 61. Rc8 {[%emt 0:00:40]} Rh2 {[%emt 0:01:21]} 62. Rf8 {[%emt 0:00:37]} Rg2 {[%emt 0:00:30]} 63. Rxf5 {[%emt 0:00:30]} Kc4 {[%emt 0:00:03]} 64. Rg5 {[%emt 0:00:43]} Rxg3 {[%emt 0:00:33]} 65. f5 {[%emt 0:00:08]} d4 {[%emt 0:01:23]} 66. f6 {[%emt 0:00:04]} Rf3 {[%emt 0:01:04]} 67. Rxg4 {[%emt 0:00:04]} Kc3 {[%emt 0:00:26]} 68. Rg6 {[%emt 0:01:49]} Rf5 {[%emt 0:00:26]} 69. Rg3+ {[%emt 0:01:06]} d3 {[%emt 0:00:38]} 70. Rh3 {[%emt 0:00:34]} Kc2 {[%emt 0:00:29]} 71. Rh2+ {[%emt 0:00:03]} Kc1 {[%emt 0:00:13]} 72. Rf2 {[%emt 0:00:58]} Re5+ {[%emt 0:00:26]} 73. Kf1 {[%emt 0:00:06]} d2 {[%emt 0:00:05]} 0-1

[Event "CZE-tht Extraliga 2018-19"]
[Site "Czech Republic"]
[Date "2019.01.12"]
[Round "5"]
[White "Konopka, Michal"]
[Black "Matlakov, Maxim"]
[Result "1/2-1/2"]
[WhiteElo "2367"]
[BlackElo "2700"]
[Annotator "TA"]
[PlyCount "54"]
[EventDate "2018.11.03"]
[EventType "team-tourn"]
[EventCountry "CZE"]
[SourceTitle "playchess.com"]
[Source "ChessBase"]
[SourceQuality "1"]
[WhiteTeam "Siesta B"]
[BlackTeam "Pardubice"]

{[%evp 17,54,7,30,10,3,-17,5,5,12,7,12,0,0,0,20,18,31,37,17,26,23,0,0,0,0,0,21,20,42,49,58,52,85,93,149,142,133,130,153]} 1. Nf3 d5 2. d4 Nf6 3. c4 e6 4. g3 Bb4+ 5. Bd2 Be7 6. Bg2 O-O 7. O-O Nbd7 8. Qc2 c6 9. Rd1 a5 {LiveBook: 84 Games. E11: Bogo-Indian} (9... b6 10. Bf4 Bb7 11. Ne5 Rc8 12. Nc3 Nh5 13. Bc1 Nhf6 14. e4 Bb4 15. Bg5 Qc7 16. Nxd7 Nxd7 17. a3 Bxc3 18. Qxc3 dxc4 19. Bf4 Qd8 20. Bd6 {0-1 (76) Dominguez Perez,L (2739)-Caruana,F (2822) Saint Louis 2018}) 10. Bc1 $146 ({Predecessor:} 10. Bf4 dxc4 11. Qxc4 Nd5 12. Bd2 b5 13. Qc2 Bb7 14. Nc3 Rc8 15. Ne5 Nxe5 16. dxe5 {1-0 (110) Prohaszka,P (2610)-Baklan,V (2595) Benasque 2018}) 10... b5 11. b3 Ba6 {[%cal Rb5c4] The position is equal.} 12. c5 $1 b4 13. a3 Bb5 14. Re1 Ne4 15. Bd2 Nxd2 16. Nbxd2 g5 17. h3 $1 f5 18. e3 Bf6 19. Ra2 Qe7 20. axb4 axb4 21. Rea1 Rxa2 22. Rxa2 g4 23. Nh2 h5 24. Ra7 Bg7 {Threatening ...e5.} 25. hxg4 hxg4 {[#]} (25... fxg4 $142 26. Nc4 Bxc4 27. bxc4 Rb8) 26. Nc4 $1 $16 {[%mdl 512]} Bxc4 (26... dxc4 27. bxc4) 27. bxc4 {aiming for Qa4.} Qe8 {Accuracy: White = 62%, Black = 45%.} 1/2-1/2